000 00790nam a2200217 i 4500
001 153267
003 ES-MaACL
005 20250808005707.0
008 950103m18931897sp |||| | spa d
040 _aEUS
_bspa
_cEUS
100 1 _aCornide, José (
_d1734-1803)
_9126585
245 1 0 _aEstado de Portugal en el año de 1800 /
_cpor José Cornide.
260 _aMadrid :
_bReal Academia de la Historia,
_c1893-1897 (
_eImprenta y fundición de Manuel Tello)
300 _a3 v. ;
_c23 cm.
490 1 _aMemorial histórico español ;
_v26-28
651 4 _aPortugal-
_xHistoria.
_96241
651 4 _aPortugal-
_xDescripción-
_yS.XIX.
_99252
830 0 0 _aMemorial histórico español
_v26-28
_9187759
852 _aES-MaACL
_jC-19331-33
_z-- Enc. hol.
999 _c153267
_d153267